[Event "Aeroflot Open 2016 B"]
[Site "Moscu RUS"]
[Date "2016.03.04"]
[Round "4.36"]
[White "Zhang, Ziji"]
[Black "Kulkarni, Rakesh"]
[Result "1-0"]
[WhiteElo "2283"]
[BlackElo "2357"]
[PlyCount "57"]
[EventDate "2016.03.01"]
[EventType "swiss"]
[EventRounds "9"]
[EventCountry "RUS"]
[Source "lmi"]
[SourceDate "2016.03.01"]

1. d4 Nf6 2. c4 e6 3. Nc3 Bb4 4. Qc2 O-O 5. e4 d5 6. e5 Ne4 7. Bd3 c5 8. Nf3
cxd4 9. Nxd4 Nd7 10. Bf4 Qh4 11. g3 Qh5 12. O-O g5 13. cxd5 exd5 14. Nxd5 f5
15. Be3 Nxe5 16. f3 Nd6 17. Nxb4 f4 18. Qc5 Ndf7 19. gxf4 gxf4 20. Kh1 Bh3 21.
Rg1+ Kh8 22. Bxf4 Nxd3 23. Nxd3 Qxc5 24. Nxc5 Rfd8 25. Rad1 Rd5 26. Nde6 Rf5
27. Bd2 h5 28. Bc3+ Kh7 29. Rg7+ 1-0

[Event "Aeroflot Open 2016 B"]
[Site "Moscu RUS"]
[Date "2016.03.04"]
[Round "4.37"]
[White "Abdulov, Orkhan"]
[Black "Musaev, Rasul"]
[Result "0-1"]
[WhiteElo "2354"]
[BlackElo "2297"]
[PlyCount "64"]
[EventDate "2016.03.01"]
[EventType "swiss"]
[EventRounds "9"]
[EventCountry "RUS"]
[Source "lmi"]
[SourceDate "2016.03.01"]

1. e4 c5 2. Nf3 Nc6 3. Nc3 d6 4. d4 cxd4 5. Nxd4 Nf6 6. Be2 e6 7. Be3 Bd7 8. f4
Qc7 9. O-O Be7 10. Kh1 a6 11. Qe1 b5 12. a3 h5 13. Rd1 Na5 14. e5 Ng4 15. exd6
Bxd6 16. Bxg4 hxg4 17. Nf5 Nb7 18. Bd4 O-O-O 19. Nxd6+ Nxd6 20. Bxg7 Rh7 21.
Bf6 Rg8 22. Be5 g3 23. h3 Bc6 24. Rxd6 Rxh3+ 25. Kg1 Rh2 26. Ne4 Qb6+ 27. Bd4
Bxe4 28. Qc3+ Qc7 29. Re1 Rxg2+ 30. Kf1 Qxc3 31. bxc3 Rxc2 32. Bb6 Rh8 0-1

[Event "Aeroflot Open 2016 B"]
[Site "Moscu RUS"]
[Date "2016.03.04"]
[Round "4.38"]
[White "Dai, Changren"]
[Black "Iniyan, P."]
[Result "1-0"]
[WhiteElo "2353"]
[BlackElo "2295"]
[PlyCount "79"]
[EventDate "2016.03.01"]
[EventType "swiss"]
[EventRounds "9"]
[EventCountry "RUS"]
[Source "lmi"]
[SourceDate "2016.03.01"]

1. e4 c5 2. Ne2 d6 3. g3 Nf6 4. Bg2 g6 5. c3 Bg7 6. d4 cxd4 7. cxd4 O-O 8. O-O
Nc6 9. Nbc3 e5 10. d5 Ne7 11. Qb3 b6 12. Bd2 a5 13. Qa3 Ba6 14. b4 axb4 15.
Qxb4 Qc7 16. Be3 Nd7 17. Nb5 Bxb5 18. Qxb5 f5 19. f3 Ra3 20. Rfc1 Nc5 21. Nc3
Ra5 22. Qe2 Rfa8 23. Rab1 Kh8 24. Bh3 fxe4 25. fxe4 Ng8 26. Rf1 Na4 27. Nb5 Nc3
28. Nxc7 Nxe2+ 29. Kh1 Rb8 30. Rxb6 Rxb6 31. Bxb6 Rxa2 32. Ne8 Nc3 33. Nxd6 Nf6
34. Nf7+ Kg8 35. Be6 Ra6 36. Nxe5+ Kh8 37. Nf7+ Kg8 38. Ng5+ Kh8 39. Bd4 Ng8
40. Nf7# 1-0

[Event "Aeroflot Open 2016 B"]
[Site "Moscu RUS"]
[Date "2016.03.04"]
[Round "4.39"]
[White "Li, Yankai"]
[Black "Lomasov, Semen"]
[Result "1/2-1/2"]
[WhiteElo "2175"]
[BlackElo "2350"]
[PlyCount "49"]
[EventDate "2016.03.01"]
[EventType "swiss"]
[EventRounds "9"]
[EventCountry "RUS"]
[Source "lmi"]
[SourceDate "2016.03.01"]

1. d4 Nf6 2. c4 c5 3. d5 b5 4. cxb5 a6 5. bxa6 Bxa6 6. Nc3 g6 7. e4 Bxf1 8.
Kxf1 d6 9. Nf3 Nbd7 10. g3 Bg7 11. Kg2 O-O 12. Qe2 Qb6 13. a4 Rfb8 14. Nb5 Ne8
15. Bg5 Qd8 16. Ra2 Nc7 17. Nc3 Na6 18. h4 h6 19. Bc1 c4 20. Nd2 Nb4 21. Ra1
Nc2 22. Ra2 Nb4 23. Ra1 Nc2 24. Ra2 Nb4 25. Ra1 1/2-1/2

[Event "Aeroflot Open 2016 B"]
[Site "Moscu RUS"]
[Date "2016.03.04"]
[Round "4.40"]
[White "Aslanov, Farid"]
[Black "Strelnikov, Sergey"]
[Result "0-1"]
[WhiteElo "2171"]
[BlackElo "2349"]
[PlyCount "92"]
[EventDate "2016.03.01"]
[EventType "swiss"]
[EventRounds "9"]
[EventCountry "RUS"]
[Source "lmi"]
[SourceDate "2016.03.01"]

1. d4 f5 2. g3 Nf6 3. Bg2 g6 4. Nf3 Bg7 5. O-O O-O 6. c4 d6 7. Nc3 Qe8 8. Qb3
Na6 9. c5+ Kh8 10. cxd6 cxd6 11. Bg5 e5 12. dxe5 dxe5 13. Bxf6 Bxf6 14. Nd5 Bg7
15. Rac1 e4 16. Nd2 Qe5 17. Rfd1 Qxb2 18. Qa4 Qe5 19. Nc4 Qb8 20. Nce3 b6 21.
h4 Nc5 22. Qa3 Qb7 23. h5 g5 24. Nc4 Be6 25. Nd6 Qc6 26. Ne3 Rad8 27. Nexf5
Bxf5 28. Nf7+ Rxf7 29. Rxd8+ Bf8 30. Rcd1 Kg7 31. Qe3 h6 32. R8d4 Qf6 33. a4
Nb7 34. g4 Bxg4 35. Rxe4 Bc5 36. Red4 Bxd4 37. Rxd4 Bxh5 38. Bd5 Re7 39. Re4
Rxe4 40. Qxe4 Nc5 41. Qe3 Nxa4 42. Qa3 b5 43. e4 Bf7 44. Qb3 Be8 45. Qe3 Nb6
46. e5 Qf4 0-1

[Event "Aeroflot Open 2016 B"]
[Site "Moscu RUS"]
[Date "2016.03.04"]
[Round "4.41"]
[White "Mammadzada, Gunay"]
[Black "Spichkin, Alexander"]
[Result "1-0"]
[WhiteElo "2345"]
[BlackElo "2130"]
[PlyCount "115"]
[EventDate "2016.03.01"]
[EventType "swiss"]
[EventRounds "9"]
[EventCountry "RUS"]
[Source "lmi"]
[SourceDate "2016.03.01"]

1. e4 e6 2. d4 d5 3. Nd2 b6 4. e5 Qd7 5. f4 h5 6. c3 Ba6 7. Bxa6 Nxa6 8. Ndf3
c5 9. Ne2 Nh6 10. Be3 Nf5 11. Bf2 Be7 12. O-O g6 13. b3 Kf8 14. Qd3 Qb7 15. g3
Kg7 16. h3 Rac8 17. g4 hxg4 18. hxg4 c4 19. Qd2 Nh6 20. Nh2 Rh7 21. Kg2 Rch8
22. Rh1 cxb3 23. axb3 Nc7 24. Ng3 Kf8 25. Be3 Ke8 26. Qd3 a5 27. Bd2 Qc6 28. b4
a4 29. b5 Nxb5 30. Rxa4 Kf8 31. Raa1 Na3 32. Raf1 Nc4 33. Bc1 Ke8 34. Rf3 Kd7
35. f5 gxf5 36. Bxh6 Rxh6 37. gxf5 Rg8 38. Nhf1 Bh4 39. Rh3 Qa4 40. Kh1 Qa1 41.
fxe6+ fxe6 42. Ne4 Kc6 43. Rh2 Qe1 44. Nf6 Rgg6 45. Nh5 Rg4 46. Nf6 Rg5 47. Qc2
b5 48. Qa2 Nb6 49. Qa3 Rg7 50. Qc5+ Kb7 51. Ne8 Rd7 52. Nd6+ Rxd6 53. exd6 Qe4
54. Nd2 Qe1+ 55. Rf1 Qe3 56. Qc7+ Ka6 57. Ra1+ Na4 58. Qc6+ 1-0

[Event "Aeroflot Open 2016 B"]
[Site "Moscu RUS"]
[Date "2016.03.04"]
[Round "4.42"]
[White "Qiu, Mengjie"]
[Black "Derakhshani, Dorsa"]
[Result "0-1"]
[WhiteElo "2169"]
[BlackElo "2401"]
[PlyCount "118"]
[EventDate "2016.03.01"]
[EventType "swiss"]
[EventRounds "9"]
[EventCountry "RUS"]
[Source "lmi"]
[SourceDate "2016.03.01"]

1. e4 e5 2. Nf3 Nc6 3. Nc3 Nf6 4. d4 exd4 5. Nxd4 Bb4 6. Nxc6 bxc6 7. Bd3 d5 8.
exd5 cxd5 9. O-O O-O 10. h3 h6 11. Qf3 Rb8 12. Bf4 Bd6 13. Nb5 Bxf4 14. Qxf4
Rb7 15. b3 Bd7 16. a4 Qb8 17. Rfe1 c5 18. Qxb8 Rfxb8 19. Rad1 Kf8 20. g4 a6 21.
Nc3 Rb6 22. Bf1 Bc6 23. Bg2 d4 24. Ne4 Bxe4 25. Bxe4 Re8 26. Bd3 Nd5 27. Rxe8+
Kxe8 28. Re1+ Kd7 29. Kh2 g6 30. Bc4 Nb4 31. Re2 f6 32. Kg3 Rd6 33. f4 Kc7 34.
h4 Kb6 35. Bf7 g5 36. fxg5 fxg5 37. hxg5 hxg5 38. Bc4 Rh6 39. Be6 Nxc2 40. Bc4
Ne3 41. Bd3 Ka5 42. Re1 Kb4 43. Rc1 Rc6 44. Be4 Rc7 45. Rb1 Rf7 46. Bd3 a5 47.
Rc1 Rc7 48. Rb1 Kc3 49. Be4 d3 50. Re1 Nc2 51. Rf1 Rd7 52. Rf5 c4 53. bxc4 d2
54. Bf3 Nd4 55. Bd1 Nxf5+ 56. gxf5 Kxc4 57. Kg4 Kc3 58. f6 Kb2 59. Kxg5 Kc1 0-1

[Event "Aeroflot Open 2016 B"]
[Site "Moscu RUS"]
[Date "2016.03.04"]
[Round "4.43"]
[White "Praggnanandhaa, R."]
[Black "Arabidze, Meri"]
[Result "1-0"]
[WhiteElo "2339"]
[BlackElo "2390"]
[PlyCount "131"]
[EventDate "2016.03.01"]
[EventType "swiss"]
[EventRounds "9"]
[EventCountry "RUS"]
[Source "lmi"]
[SourceDate "2016.03.01"]

1. e4 c5 2. Nf3 a6 3. c3 Qa5 4. Bd3 d6 5. h3 Nf6 6. Bc2 e5 7. O-O Be7 8. d4 Qc7
9. Nbd2 b5 10. Re1 O-O 11. Nf1 Bb7 12. d5 Nbd7 13. Ng3 g6 14. Nh2 c4 15. Be3
Rfb8 16. Qd2 Bf8 17. Rf1 Re8 18. f4 exf4 19. Bxf4 Bg7 20. Nf3 Nc5 21. Rae1 Nfd7
22. Nd4 Ne5 23. Bh6 Bh8 24. h4 Bc8 25. h5 f6 26. Nf3 Ncd3 27. Rb1 Nxf3+ 28.
gxf3 Ne5 29. Be3 Bg7 30. Qg2 Qd7 31. Kh2 Qf7 32. hxg6 hxg6 33. Rh1 Bb7 34. Bd4
f5 35. Rbf1 fxe4 36. fxe4 Qe7 37. Kg1 Rf8 38. Qh3 Rxf1+ 39. Kxf1 Qf7+ 40. Ke2
Bf6 41. Kd1 Bc8 42. Qh2 Bg4+ 43. Kc1 Qg7 44. Bd1 Bd7 45. Kb1 Rf8 46. Be3 Rb8
47. Bh6 Qe7 48. Bg5 Nf7 49. Qh7+ Kf8 50. Rf1 Nxg5 51. Qxg6 Nh7 52. Nh5 Qf7 53.
Qh6+ Ke7 54. e5 dxe5 55. d6+ Ke6 56. Bg4+ Kd5 57. Nxf6+ Nxf6 58. Rxf6 Qe8 59.
Bh5 Qh8 60. Bf3+ e4 61. Qg5+ Kc6 62. Bxe4+ Kb6 63. Qe3+ Ka5 64. b4+ cxb3 65.
axb3 b4 66. Qc5+ 1-0

[Event "Aeroflot Open 2016 B"]
[Site "Moscu RUS"]
[Date "2016.03.04"]
[Round "4.44"]
[White "Oganisian, Roman"]
[Black "Torosyan, Norayr"]
[Result "0-1"]
[WhiteElo "2337"]
[BlackElo "2378"]
[PlyCount "80"]
[EventDate "2016.03.01"]
[EventType "swiss"]
[EventRounds "9"]
[EventCountry "RUS"]
[Source "lmi"]
[SourceDate "2016.03.01"]

1. d4 Nf6 2. c4 g6 3. Nc3 Bg7 4. e4 d6 5. Nf3 O-O 6. h3 e5 7. d5 a5 8. g4 Na6
9. Bd3 Nd7 10. Rg1 Ndc5 11. h4 Nxd3+ 12. Qxd3 Nc5 13. Qe2 Kh8 14. Bg5 f6 15.
Be3 b6 16. O-O-O Qe8 17. Nb5 Na6 18. h5 gxh5 19. gxh5 f5 20. h6 Bf6 21. Bg5
fxe4 22. Qxe4 Bxg5+ 23. Nxg5 Bf5 24. Qh4 Qe7 25. f4 Nb4 26. a3 Nd3+ 27. Rxd3
Bxd3 28. Qg3 Bxc4 29. fxe5 Qxe5 30. Qxe5+ dxe5 31. Nxc7 Rac8 32. d6 Rg8 33. Rg4
Ba2 34. a4 Rg6 35. b3 Bxb3 36. Kb2 Rxd6 37. Kxb3 Rxc7 38. Re4 Re7 39. Kc4 Rxh6
40. Kd5 Rd7+ 0-1

[Event "Aeroflot Open 2016 B"]
[Site "Moscu RUS"]
[Date "2016.03.04"]
[Round "4.45"]
[White "Murtazin, Bulat"]
[Black "Raja, Harshit"]
[Result "0-1"]
[WhiteElo "2315"]
[BlackElo "2341"]
[PlyCount "82"]
[EventDate "2016.03.01"]
[EventType "swiss"]
[EventRounds "9"]
[EventCountry "RUS"]
[Source "lmi"]
[SourceDate "2016.03.01"]

1. d4 Nf6 2. c4 e6 3. Nf3 Bb4+ 4. Nbd2 O-O 5. a3 Be7 6. e4 d6 7. Bd3 Nbd7 8. b4
e5 9. Bb2 exd4 10. Nxd4 Ne5 11. Be2 Nh5 12. g3 Bh3 13. Nf5 Nf6 14. f4 Ng6 15.
Bf1 Bg4 16. Qc2 Nxe4 17. Nxe4 Bxf5 18. Qc3 Ne5 19. Nd2 Bf6 20. fxe5 Bxe5 21.
Qb3 Bxb2 22. Qxb2 Re8+ 23. Kf2 Qg5 24. Qc3 Bg4 25. h3 Bh5 26. Qd4 Re6 27. g4 c5
28. Nf3 Qe7 29. Qd2 Bg6 30. Bd3 Re8 31. Rae1 Bxd3 32. Qxd3 Qf6 33. Qxd6 Re2+
34. Rxe2 Rxe2+ 35. Kxe2 Qxd6 36. Rd1 Qe6+ 37. Kf2 h6 38. bxc5 Qxc4 39. Rd8+ Kh7
40. Rd7 Qxc5+ 41. Kg3 b5 0-1

[Event "Aeroflot Open 2016 B"]
[Site "Moscu RUS"]
[Date "2016.03.04"]
[Round "4.46"]
[White "Kostromin, Mikhail"]
[Black "Bogumil, Tatiana"]
[Result "0-1"]
[WhiteElo "2322"]
[BlackElo "2132"]
[PlyCount "70"]
[EventDate "2016.03.01"]
[EventType "swiss"]
[EventRounds "9"]
[EventCountry "RUS"]
[Source "lmi"]
[SourceDate "2016.03.01"]

1. e4 e5 2. Nf3 Nc6 3. Bb5 a6 4. Ba4 Nf6 5. O-O Be7 6. Bxc6 dxc6 7. d3 Nd7 8.
Nbd2 c5 9. Nc4 Bf6 10. b3 O-O 11. Bb2 Re8 12. Ne3 g6 13. Nd2 Bg7 14. Qc1 Nf8
15. f4 exf4 16. Rxf4 Ne6 17. Rf2 Nd4 18. c3 Nc6 19. Nd5 Be6 20. Nf4 Qd7 21. Nf3
Bg4 22. Nd5 Bxf3 23. Rxf3 Re6 24. Qc2 Rd8 25. Rf2 Ne5 26. d4 Ng4 27. Rf4 c6 28.
Rxg4 cxd5 29. dxc5 dxe4 30. Rxe4 Rxe4 31. Qxe4 Qd2 32. Qe7 Bf8 33. Qc7 Rd7 34.
Qc8 Qxb2 35. Re1 Qxc3 0-1

[Event "Aeroflot Open 2016 B"]
[Site "Moscu RUS"]
[Date "2016.03.04"]
[Round "4.47"]
[White "Yuan, Ye"]
[Black "Utiatskaja, Irina"]
[Result "1-0"]
[WhiteElo "2140"]
[BlackElo "2215"]
[PlyCount "75"]
[EventDate "2016.03.01"]
[EventType "swiss"]
[EventRounds "9"]
[EventCountry "RUS"]
[Source "lmi"]
[SourceDate "2016.03.01"]

1. d4 Nf6 2. c4 g6 3. Nc3 Bg7 4. e4 d6 5. h3 O-O 6. Nf3 Nc6 7. d5 Nb4 8. Be3 a5
9. a3 Na6 10. Be2 e6 11. Nd4 Nc5 12. Qc2 Re8 13. dxe6 Nxe6 14. O-O-O Nc5 15. f3
Nh5 16. g4 Ng3 17. Rhg1 Nxe2+ 18. Ndxe2 b6 19. g5 Ba6 20. Bxc5 bxc5 21. b3 Rb8
22. h4 Qc8 23. Rd3 Bb7 24. h5 Bc6 25. hxg6 hxg6 26. a4 Qb7 27. Nb5 Red8 28.
Nec3 Kf8 29. Qh2 Be8 30. Nd5 Bxb5 31. axb5 c6 32. bxc6 Qxc6 33. Qh7 a4 34. Nf6
Bxf6 35. gxf6 Ke8 36. e5 Rb7 37. exd6 Kd7 38. Qh3+ 1-0

[Event "Aeroflot Open 2016 B"]
[Site "Moscu RUS"]
[Date "2016.03.05"]
[Round "5.1"]
[White "Diermair, Andreas"]
[Black "Arribas Lopez, Angel"]
[Result "1/2-1/2"]
[WhiteElo "2450"]
[BlackElo "2543"]
[PlyCount "20"]
[EventDate "2016.03.01"]
[EventType "swiss"]
[EventRounds "9"]
[EventCountry "RUS"]
[Source "lmi"]
[SourceDate "2016.03.01"]

1. d4 Nf6 2. c4 g6 3. Nc3 Bg7 4. e4 d6 5. Nf3 O-O 6. Be2 Bg4 7. Be3 Nfd7 8. Qd2
c5 9. d5 Na6 10. h3 Bxf3 1/2-1/2

[Event "Aeroflot Open 2016 B"]
[Site "Moscu RUS"]
[Date "2016.03.05"]
[Round "5.2"]
[White "Harutyunian, Tigran K"]
[Black "Rozum, Ivan"]
[Result "1/2-1/2"]
[WhiteElo "2426"]
[BlackElo "2543"]
[PlyCount "31"]
[EventDate "2016.03.01"]
[EventType "swiss"]
[EventRounds "9"]
[EventCountry "RUS"]
[Source "lmi"]
[SourceDate "2016.03.01"]

1. Nf3 Nf6 2. c4 e6 3. g3 b6 4. Bg2 Bb7 5. O-O Be7 6. Nc3 O-O 7. Re1 d5 8. cxd5
exd5 9. d4 Na6 10. Bg5 c5 11. Rc1 Re8 12. Qa4 h6 13. Bxf6 Bxf6 14. Red1 Qe7 15.
e3 Nc7 16. dxc5 1/2-1/2

[Event "Aeroflot Open 2016 B"]
[Site "Moscu RUS"]
[Date "2016.03.05"]
[Round "5.3"]
[White "Gordievsky, Dmitry"]
[Black "Potapov, Pavel"]
[Result "1/2-1/2"]
[WhiteElo "2524"]
[BlackElo "2486"]
[PlyCount "96"]
[EventDate "2016.03.01"]
[EventType "swiss"]
[EventRounds "9"]
[EventCountry "RUS"]
[Source "lmi"]
[SourceDate "2016.03.01"]

1. d4 f5 2. Nf3 Nf6 3. c4 g6 4. g3 Bg7 5. Bg2 O-O 6. O-O d6 7. Nc3 c6 8. b4 e5
9. dxe5 dxe5 10. e4 Qxd1 11. Rxd1 f4 12. Rb1 fxg3 13. fxg3 Bg4 14. h3 Bxf3 15.
Bxf3 Nbd7 16. Kg2 Rfd8 17. Be3 Nf8 18. Rxd8 Rxd8 19. Rd1 Rxd1 20. Bxd1 a6 21.
c5 Kf7 22. Kf3 Ne6 23. Bb3 Nd7 24. Na4 Ke7 25. Bxe6 Kxe6 26. Nb2 Bf6 27. Nc4
Bd8 28. Ke2 Bc7 29. Bg5 Kf7 30. Kd3 Nf8 31. Bh6 Ne6 32. Bd2 Nf8 33. Bc3 Ke6 34.
Nd2 Nd7 35. Kc4 Nf6 36. g4 h5 37. g5 Nd7 38. Nf3 Bd8 39. Bd2 b5+ 40. cxb6 Bxb6
41. Ne1 Kd6 42. Nd3 Bd4 43. a4 Nb6+ 44. Kb3 Nd7 45. Ne1 Ke6 46. Nf3 Bf2 47. Kc4
Nb6+ 48. Kb3 Nd7 1/2-1/2

[Event "Aeroflot Open 2016 B"]
[Site "Moscu RUS"]
[Date "2016.03.05"]
[Round "5.4"]
[White "Moskalenko, Alexander"]
[Black "Gabrielian, Artur"]
[Result "1/2-1/2"]
[WhiteElo "2475"]
[BlackElo "2512"]
[PlyCount "177"]
[EventDate "2016.03.01"]
[EventType "swiss"]
[EventRounds "9"]
[EventCountry "RUS"]
[Source "lmi"]
[SourceDate "2016.03.01"]

1. d4 Nf6 2. c4 c5 3. d5 e6 4. Nc3 exd5 5. cxd5 d6 6. Nf3 g6 7. Nd2 Nbd7 8. e4
Bg7 9. Nc4 Nb6 10. Ne3 O-O 11. Bd3 Re8 12. O-O Nbd7 13. h3 a6 14. a4 b6 15. Nc4
Ne5 16. Nxe5 Rxe5 17. Bf4 Re8 18. Qd2 Bb7 19. Rfe1 Qc7 20. Bc4 Nd7 21. Bh6 Bd4
22. Kh1 Ne5 23. Bf1 f6 24. Be3 Bxe3 25. Rxe3 g5 26. Be2 Re7 27. Rg3 Rg7 28. Bg4
Nxg4 29. hxg4 Qe7 30. Re3 Qe5 31. Ne2 Bc8 32. f3 Rb8 33. Rc1 Bd7 34. b3 Be8 35.
Qc3 Qxc3 36. Rexc3 h5 37. gxh5 Bxh5 38. g4 Be8 39. Ng3 Bd7 40. Kg2 Rh7 41. Re3
Kf7 42. Ree1 Rbh8 43. Rh1 Rxh1 44. Nxh1 Rb8 45. Ng3 b5 46. a5 Rh8 47. Nf1 Ke7
48. Ne3 Kf7 49. Re1 Bc8 50. Nd1 Bd7 51. Nb2 Bc8 52. Nd3 Bd7 53. b4 c4 54. Nc1
Ke7 55. Ne2 Kf7 56. Nc3 Ke7 57. Kg3 Rh7 58. Ne2 Rh8 59. Kg2 Kf7 60. Rh1 Rxh1
61. Kxh1 Ke7 62. Kg2 Kf7 63. Kg3 Ke7 64. Nd4 Kf7 65. Ne2 Bc8 66. Nd4 Bd7 67.
Kf2 Ke7 68. Ke3 Kf7 69. Ne2 Ke7 70. Ng3 Bc8 71. Ne2 Bd7 72. Nc3 Bc8 73. Ne2 Bd7
74. Ng3 Bc8 75. Nh1 Bd7 76. Nf2 Bc8 77. f4 gxf4+ 78. Kxf4 Bd7 79. Nd1 Kf7 80.
Nc3 Ke7 81. g5 Kf7 82. Ne2 Kg6 83. gxf6 Kxf6 84. Ke3 Bg4 85. Nd4 Bd7 86. Nf3
Bg4 87. Nd4 Bd7 88. Nf3 Bg4 89. Nd4 1/2-1/2

[Event "Aeroflot Open 2016 B"]
[Site "Moscu RUS"]
[Date "2016.03.05"]
[Round "5.5"]
[White "Hayrapetyan, Hovik"]
[Black "Paravyan, David"]
[Result "1/2-1/2"]
[WhiteElo "2480"]
[BlackElo "2506"]
[PlyCount "169"]
[EventDate "2016.03.01"]
[EventType "swiss"]
[EventRounds "9"]
[EventCountry "RUS"]
[Source "lmi"]
[SourceDate "2016.03.01"]

1. Nf3 Nf6 2. c4 c5 3. Nc3 d5 4. cxd5 Nxd5 5. g3 Nc6 6. Bg2 Nc7 7. O-O e5 8. d3
Be7 9. Nd2 Bd7 10. Nc4 f6 11. Bxc6 Bxc6 12. Na5 Qd7 13. Nxc6 Qxc6 14. Be3 O-O
15. Rc1 b6 16. a3 Ne6 17. b4 cxb4 18. Na2 Qd7 19. axb4 Rfd8 20. Qb3 Qd5 21. Qa4
b5 22. Qa6 Rd6 23. Nc3 Rxa6 24. Nxd5 Bf8 25. f4 exf4 26. gxf4 Rd8 27. Nc3 Bxb4
28. Nxb5 Ra2 29. Kf2 Rxd3 30. Rc8+ Bf8 31. f5 Ng5 32. Bc5 Nh3+ 33. Kg2 Rxe2+
34. Kh1 h5 35. Bxf8 Kh7 36. Rc3 Rxc3 37. Nxc3 Re3 38. Nd1 Re2 39. Bb4 Ng5 40.
Rf2 Re5 41. Kg2 Re4 42. Bd2 Rg4+ 43. Kh1 Ne4 44. Re2 Nd6 45. Ne3 Rf4 46. Kg2
Nxf5 47. Nxf5 Rxf5 48. Re7 a5 49. Ra7 Re5 50. Kf3 Rf5+ 51. Kg2 Re5 52. Bc3 Re2+
53. Kf3 Rxh2 54. Bxf6 Kg6 55. Be5 Ra2 56. Bxg7 Kf5 57. Rc7 h4 58. Rc5+ Ke6 59.
Rh5 h3 60. Bd4 h2 61. Bf2 a4 62. Rxh2 Kd5 63. Rh4 Kc6 64. Bd4 Kb5 65. Rh8 Kc4
66. Ke3 Rg2 67. Rc8+ Kb3 68. Kd3 Rg3+ 69. Be3 a3 70. Rb8+ Ka2 71. Kd2 Rg2+ 72.
Kc1 Rb2 73. Re8 Kb3 74. Bd4 Rc2+ 75. Kd1 Rh2 76. Rb8+ Kc4 77. Be5 a2 78. Ra8
Rg2 79. Kc1 Kb3 80. Rb8+ Kc4 81. Ra8 Kb3 82. Kd1 Rf2 83. Ke1 Rg2 84. Bd4 Rh2
85. Be5 1/2-1/2

[Event "Aeroflot Open 2016 B"]
[Site "Moscu RUS"]
[Date "2016.03.05"]
[Round "5.6"]
[White "Rogozenco, Dorian"]
[Black "Kashlinskaya, Alina"]
[Result "1/2-1/2"]
[WhiteElo "2500"]
[BlackElo "2454"]
[PlyCount "120"]
[EventDate "2016.03.01"]
[EventType "swiss"]
[EventRounds "9"]
[EventCountry "RUS"]
[Source "lmi"]
[SourceDate "2016.03.01"]

1. c4 e6 2. Nc3 d5 3. d4 Be7 4. cxd5 exd5 5. Bf4 c6 6. Qc2 Nf6 7. e3 Nh5 8. Bg3
Nd7 9. Bd3 Nxg3 10. hxg3 Nf6 11. Nge2 Bd6 12. O-O-O h6 13. Kb1 Qa5 14. Qd2 Bb4
15. a3 Be7 16. Nf4 g5 17. Nh3 Bxh3 18. Rxh3 O-O-O 19. Ne4 Qb6 20. Nxf6 Bxf6 21.
g4 Kb8 22. Rf3 Be7 23. Ka2 f6 24. Rh3 c5 25. dxc5 Bxc5 26. Bf5 Qb5 27. Qd3 Qc4+
28. Qxc4 dxc4 29. Rxh6 Rxd1 30. Rxh8+ Kc7 31. Rh7+ Kb8 32. Rh8+ Kc7 33. Rh7+
Kb8 34. b4 cxb3+ 35. Kxb3 Rd2 36. Be4 Rxf2 37. Rxb7+ Kc8 38. Rf7 Bxe3 39. Bf5+
Kd8 40. Rxf6 Kc7 41. g3 Rf3 42. Kc4 Rxg3 43. Kd5 Rg1 44. Rc6+ Kb8 45. Rc3 Rd1+
46. Kc6 Rc1 47. Bc2 Bf4 48. a4 Kc8 49. a5 Ra1 50. Rc5 Rc1 51. a6 Be3 52. Rc3
Bd2 53. Rc4 Bf4 54. Kd5+ Kd8 55. Ke6 Ra1 56. Rc6 Re1+ 57. Kf6 Rc1 58. Rc4 Kd7
59. Ba4+ Kd6 60. Rb4 Rc7 1/2-1/2

[Event "Aeroflot Open 2016 B"]
[Site "Moscu RUS"]
[Date "2016.03.05"]
[Round "5.7"]
[White "Lugovskoy, Maxim"]
[Black "Golubov, Saveliy"]
[Result "1/2-1/2"]
[WhiteElo "2499"]
[BlackElo "2469"]
[PlyCount "37"]
[EventDate "2016.03.01"]
[EventType "swiss"]
[EventRounds "9"]
[EventCountry "RUS"]
[Source "lmi"]
[SourceDate "2016.03.01"]

1. e4 Nf6 2. e5 Nd5 3. d4 d6 4. Nf3 Bg4 5. Be2 Nc6 6. c4 Nb6 7. exd6 exd6 8. d5
Bxf3 9. Bxf3 Ne5 10. Be2 Be7 11. Qc2 O-O 12. O-O Re8 13. Be3 Ned7 14. Bd3 g6
15. Nd2 Bg5 16. Bd4 Bf6 17. Be3 Bg5 18. Bd4 Bf6 19. Be3 1/2-1/2

[Event "Aeroflot Open 2016 B"]
[Site "Moscu RUS"]
[Date "2016.03.05"]
[Round "5.8"]
[White "Evdokimov, Alexander A"]
[Black "Dvalishvili, Pavel S"]
[Result "1/2-1/2"]
[WhiteElo "2490"]
[BlackElo "2442"]
[PlyCount "31"]
[EventDate "2016.03.01"]
[EventType "swiss"]
[EventRounds "9"]
[EventCountry "RUS"]
[Source "lmi"]
[SourceDate "2016.03.01"]

1. d4 Nf6 2. c4 e6 3. g3 c5 4. Nf3 cxd4 5. Nxd4 a6 6. Bg2 Qc7 7. Nd2 Nc6 8.
Nxc6 bxc6 9. O-O Be7 10. b3 O-O 11. Bb2 Bb7 12. Qc2 c5 13. Bxb7 Qxb7 14. Rad1
Rfd8 15. Bxf6 Bxf6 16. Ne4 1/2-1/2

[Event "Aeroflot Open 2016 B"]
[Site "Moscu RUS"]
[Date "2016.03.05"]
[Round "5.9"]
[White "Vavulin, Maksim"]
[Black "Demidov, Mikhail"]
[Result "1/2-1/2"]
[WhiteElo "2456"]
[BlackElo "2490"]
[PlyCount "152"]
[EventDate "2016.03.01"]
[EventType "swiss"]
[EventRounds "9"]
[EventCountry "RUS"]
[Source "lmi"]
[SourceDate "2016.03.01"]

1. e4 e6 2. d3 d5 3. Nd2 c5 4. Ngf3 Nc6 5. g3 Nf6 6. Bg2 g6 7. O-O Bg7 8. exd5
Nxd5 9. Nb3 b6 10. d4 Ba6 11. Re1 c4 12. Nbd2 O-O 13. c3 Rc8 14. Bf1 Na5 15. h4
Bb7 16. Ne5 Nf6 17. Be2 b5 18. h5 Nxh5 19. Bxh5 gxh5 20. Qxh5 Qd5 21. Qh3 f6
22. Ng4 f5 23. Ne3 Qd7 24. Ng2 Rf6 25. Nf1 Nc6 26. Bg5 Rg6 27. Bf4 Bf6 28. Nh4
Rg7 29. Bh6 Rf7 30. Nf3 Nb4 31. Ne5 Bxe5 32. Rxe5 Nd3 33. Re3 Rf6 34. Bf4 Qg7
35. Rxd3 cxd3 36. Ne3 Bf3 37. Qf1 d2 38. Qd3 Ba8 39. Qxd2 Qb7 40. d5 exd5 41.
Qd4 Qf7 42. f3 Re8 43. Kf2 Ra6 44. a3 Ra4 45. b4 Ra6 46. g4 fxg4 47. Nxg4 Re4
48. Qc5 Rxf4 49. Qc8+ Kg7 50. Ne5 Bb7 51. Rg1+ Rg6 52. Qb8 Rxf3+ 53. Nxf3 Rxg1
54. Kxg1 Qxf3 55. Qxb7+ Kg6 56. Qxb5 Qg3+ 57. Kf1 Qf3+ 58. Kg1 Qg4+ 59. Kf2
Qf4+ 60. Kg2 Qd2+ 61. Kg1 Qg5+ 62. Kf2 Qf5+ 63. Kg1 Kg5 64. Qb7 Qg4+ 65. Kf2
Qf5+ 66. Kg1 Qb1+ 67. Kf2 Qc2+ 68. Kg1 Qd1+ 69. Kf2 Qd2+ 70. Kf1 Qd3+ 71. Kf2
Qc2+ 72. Kg1 Qc1+ 73. Kg2 Qd2+ 74. Kf1 Qf4+ 75. Kg2 Qe4+ 76. Kf2 Qf5+ 1/2-1/2

[Event "Aeroflot Open 2016 B"]
[Site "Moscu RUS"]
[Date "2016.03.05"]
[Round "5.10"]
[White "Konovalov, Nikolay"]
[Black "Kotanjian, Tigran"]
[Result "1-0"]
[WhiteElo "2437"]
[BlackElo "2487"]
[PlyCount "107"]
[EventDate "2016.03.01"]
[EventType "swiss"]
[EventRounds "9"]
[EventCountry "RUS"]
[Source "lmi"]
[SourceDate "2016.03.01"]

1. d4 Nf6 2. c4 e6 3. Nc3 d5 4. cxd5 exd5 5. Bg5 c6 6. e3 Bf5 7. Qf3 Bg6 8.
Bxf6 Qxf6 9. Qxf6 gxf6 10. h4 Nd7 11. h5 Bf5 12. f3 Nb6 13. Kf2 Nc4 14. g4 Be6
15. Bxc4 dxc4 16. e4 O-O-O 17. Nge2 a6 18. Rac1 b5 19. Rhd1 Kb7 20. Nf4 Bh6 21.
Nce2 Rd6 22. Nxe6 fxe6 23. f4 Rhd8 24. b3 cxb3 25. axb3 e5 26. g5 Bg7 27. Ng3
fxg5 28. Nf5 gxf4 29. d5 cxd5 30. Nxd6+ Rxd6 31. Rxd5 Rxd5 32. exd5 e4 33. d6
Bd4+ 34. Kf1 Bb6 35. d7 Bc7 36. Rd1 Bd8 37. Rd4 Kc6 38. Rxe4 Kxd7 39. Rxf4 h6
40. Rf7+ Kc6 41. Rg7 Kc5 42. Rg6 a5 43. Rxh6 Kb4 44. Rg6 Bc7 45. h6 Be5 46. Rg5
Bh8 47. Ke2 a4 48. bxa4 bxa4 49. Rg8 Be5 50. Re8 Bf6 51. Kd3 a3 52. Rb8+ Kc5
53. Ra8 Kb4 54. Kc2 1-0